Statistieken voor hoofdteden europa

Klik hier om de quiz te nemen!

Algemene statistieken

  • Deze quiz is 21 keer genomen
  • De gemiddelde score is 28 van 38

Antwoordstatistieken

HintAntwoord% Correct
BelgieBrussel
100%
IerlandDublin
100%
GriekenlandAthene
89%
DuitslandBerlijn
89%
ZwitserlandBern
89%
FinlandHelsinki
89%
OekraïneKiev
89%
DenemarkenKopenhagen
89%
PortugalLissabon
89%
LuxemburgLuxemburg
89%
SpanjeMadrid
89%
RuslandMoskou
89%
NoorwegenOslo
89%
FrankrijkParijs
89%
TsjechiePraag
89%
IJslandReykjavik
89%
ItalieRome
89%
ZwedenStockholm
89%
AlbanieTirana
89%
OostenrijkWenen
89%
RoemenieBoekarest
78%
Wit-RuslandMinsk
78%
LetlandRiga
78%
BosnieSarajevo
78%
PolenWarschau
78%
VSLonden
67%
BulgarijeSofia
67%
ServieBelgrado
56%
SlowakijeBratislava
56%
HongarijeBudapest
56%
SlovenieLjubljana
56%
KroatieZagreb
56%
MacedonieSkopje
44%
EstlandTallinn
44%
LitouwenVilnius
44%
MoldavieChisinau
33%
MontenegroPodgorica
33%
KosovoPristinie
11%

Scoreverdeling

Percentiel versus Aantal Correcte Antwoorden

Procent van Mensen met Elke Score

Uw Scoregeschiedenis

U heeft deze quiz nog niet genomen